| 000 | 01235nam a22003257a 4500 | ||
|---|---|---|---|
| 003 | OSt | ||
| 005 | 20230531124917.0 | ||
| 008 | 221006b |||||||| |||| 00| 0 eng d | ||
| 040 | _cBiblioteca Lado V | ||
| 082 |
_a808.7 _bB946p |
||
| 100 |
_9836 _aBurbano de Quito, "EL PATRIARCA" _eeditor |
||
| 245 |
_aPicodero/ _bPortavoz tóxico del movimiento agnóstico sicodélico - cibernético y profiláctico/ |
||
| 260 | _aCosta Rica | ||
| 300 |
_c22x28cm _a30p. |
||
| 366 | _espa | ||
| 490 | _a6 | ||
| 650 |
_2Tesauro de Arte & Arquitectura _aARTE _9703 |
||
| 650 |
_2Tesauro de Arte & Arquitectura _aCULTURA _9702 |
||
| 650 |
_2Tesauro de Arte & Arquitectura _aPOLITICA _9702 |
||
| 650 |
_2Tesauro de Arte & Arquitectura _aCRITICA |
||
| 650 |
_2Tesauro de Arte & Arquitectura _aSÁTIRA |
||
| 650 |
_2Tesauro de Arte & Arquitectura _aLITERATURA |
||
| 650 |
_2Tesauro de Arte & Arquitectura _aPOESIA |
||
| 650 |
_2Tesauro de Arte & Arquitectura _aDIBUJO _9703 |
||
| 650 |
_2Tesauro de Arte & Arquitectura _aESPAÑOL |
||
| 651 |
_2Tesauro de Arte & Arquitectura _aCOSTA RICA |
||
| 700 |
_aOswaldo, "EL PHISICO" _eeditor |
||
| 700 |
_aJose Francisco, "EL REBELDE" _eeditor |
||
| 942 |
_2ddc _c1 _h808.7 _iB946p _n0 |
||
| 999 |
_c3775 _d3775 |
||